000 00322nam a2200133Ia 4500
008 150301s2009 xx 000 0 und d
082 _a620
_bC09D
100 _aCPWD
245 _aCPWD SPECIFICATIONS
260 _bDIRECTOR GENERAL OF WORKS
_aINDIA
_c2009
300 _a532
650 _aCIVIL ENGINEERING
942 _2ddc
_cBK
999 _c6754
_d6754